000 01155cam a2200313 4500
001 30426
003 BD-RjUL
005 20211209051548.0
008 140409s1951 nyu b 001 0 eng u
035 _a(BD-RjUL)30511
035 _a(OCoLC)418144
040 _aDLC
_cAKR
_dBD-RjUL
_beng
041 _aeng
082 0 0 _a153.082
_bORG 1951
245 0 0 _aOrganization and pathology of thought :
_bselected sources /
_ctranslation and commentary by David Rapaport.
260 _aNew York ;
_aLondon :
_bColumbia University Press,
_cc1951.
300 _axviii, 786 p. ;
_b24 cm.
504 _aBibliography: p. [731]-770
504 _aIncludes bibliographical references and index.
505 0 _apt. 1. Introduction -- pt. 2. Directed thinking -- pt. 3. Symbolism -- pt. 4. Motivation of thinking -- pt. 5. Fantasy-thinking -- pt. 6. Pathology of thinking -- pt. 7. Conclusion
650 0 _aPsychoanalysis.
_992452
650 0 _aThought and thinking.
_992453
830 0 _vno. 1
_992459
700 1 _aRapaport, David.
_992455
830 0 _aAusten Riggs Center monograph ;
_992460
942 _2ddc
_cBK
999 _c30426
_d30426